Využitie leasingu pri financovaní nákupu majetku v s.r.o. SLOVMET, Považská Bystrica : Diplomová práca

Gespeichert in:
Bibliographische Detailangaben
1. Verfasser: Zlatošová, Marta (Verfasst von)
Weitere Verfasser: Horváthová, Martina, 1971- (xxx)
Format: Manuskript Buch
Sprache:Slowakisch
Veröffentlicht: Trnava : STU v Bratislave MtF KMK, 1999
Schlagworte:
Tags: Tag hinzufügen
Keine Tags, Fügen Sie das erste Tag hinzu!

MARC

LEADER 00000ntm a22000003a 4500
001 stu53870
005 20160719155211.0
008 000607s1999----xo------------------slo-d
040 |a STU  |b slo 
041 0 |a slo 
044 |a xo 
100 1 |a Zlatošová, Marta  |4 aut 
245 1 |a Využitie leasingu pri financovaní nákupu majetku v s.r.o. SLOVMET, Považská Bystrica :  |b Diplomová práca 
260 |a Trnava :  |b STU v Bratislave MtF KMK,  |c 1999 
300 |a 68 s  |c výťah 
650 7 |a Nákup-majetok  |2 stusub 
650 7 |a manažment priemyselných podnikov  |2 stusub 
650 7 |a financie podnikové  |2 stusub 
650 7 |a leasing  |2 estusub 
700 1 |a Horváthová, Martina,  |d 1971-  |4 xxx  |u M4000  |U MTF Materiálovotechnologická fakulta  |T MTF Ústav priemyselného inžinierstva a manažmentu  |X 1507  |U M4000  |Y 84  |7 A000001507